000 00507nam a22001817a 4500
005 20251126182707.0
008 251121b |||||||| |||| 00| 0 eng d
020 _a978-93-88022-92-7
041 _aeng
082 _a615.1 CHO-A
100 _aCHOUHAN, MR. DEEPESH
_98757
245 _aALL-IN-ONE TEXTBOOK FOR B PHARMA COURSE FOR [1ST SEMESTER]
250 _a1ST ED. 2023
260 _aNEW DELHI
_bINNOVATIVE PUBLICATION PVT.LTD.
_c2025
300 _a189;P
650 _aPHARMACY
_xB.PHARMA
942 _cBK
999 _c8931
_d8929